La Vida Cotidiana de la Mujer Campesina
| Main Author: | |
|---|---|
| Format: | Section = Libro |
| Language: | Undetermined Spanish |
| Published: |
Managua
CIERA
1989
|
| Subjects: |
| LEADER | 00588nam a2200193Ia 4500 | ||
|---|---|---|---|
| 008 | 241007s9999||||xx |||||||||||||| ||und|| | ||
| 040 | |a BIBLIOTECA-RURC/ 305.4 C397 | ||
| 041 | |a spa | ||
| 082 | |a 305.4 C397 | ||
| 100 | 1 | |a Centro de Investigación y Estudios de la Reforma Agraria. | |
| 245 | 1 | 0 | |a La Vida Cotidiana de la Mujer Campesina |
| 260 | |a Managua |b CIERA |c 1989 | ||
| 300 | |a 239 p. :il. | ||
| 650 | 7 | |a HISTORIAS DE VIDA DE LA MUJER CAMPESINA S | |
| 650 | 7 | |b LAS JEFAS DE FAMILIA | |
| 650 | 7 | |c LA VIDA COTIDIANA DE LA MUJER CAMPESINA | |
| 942 | |c BK |2 ddc | ||
| 991 | |a TEXTO | ||
| 999 | |c 14259 | ||